Statistics for Not Quite A Movie Title - DC Comics

Click here to take the quiz!

General Stats

  • This quiz has been taken 870 times
  • The average score is 13 of 15

Answer Stats

YearImperfect TitleCorrect Title% Correct
2017Wonder WendyWonder Woman
99%
2018WatermanAquaman
95%
2011Green LightGreen Lantern
95%
2013Man of MetalMan of Steel
95%
2004CatmanCatwoman
94%
2019PokerJoker
93%
1997Batman & SparrowBatman & Robin
92%
2017Justice UnionJustice League
92%
2008The Hidden KnightThe Dark Knight
92%
2020Birds of PrimeBirds of Prey
91%
2019Alakazam!Shazam!
89%
2017The Toy Batman MovieThe Lego Batman Movie
86%
2006V for VerociousV for Vendetta
71%
1978SoapmanSuperman
65%
2009ClockmenWatchmen
64%

Score Distribution

Percentile by Number Answered

Percent of People with Each Score

Your Score History

You have not taken this quiz